| 000 | 00389cam a2200145ua 4500 | ||
|---|---|---|---|
| 041 |
_aeng _h |
||
| 082 |
_a828.09 _bADA/MI |
||
| 100 | _aAdams, Robert Martin . | ||
| 245 |
_aMilton and the modern critics / _cRobert martin Adams. _hTextual Documents |
||
| 260 |
_aNew York : _bCornell university Press , _c1966. |
||
| 300 | _a231 ; . | ||
| 504 | _a | ||
| 942 | _cBK | ||
| 999 |
_c12672 _d12672 |
||